000 00353pab a2200145 454500
008 180718b1986 xxu||||| |||| 00| 0 eng d
100 _aHammad, S.M.
245 _aAll India Seminar on Rural Water Supply Systems
260 _c1986
300 _a25-28
362 _aJan.
650 _aWater Supply - India
773 _aCivic Affairs
909 _a20624
999 _c20624
_d20624